[Event "Arab-ch"]
[Site "Khartoum"]
[Date "2023.03.02"]
[Round "5"]
[White "Elgabry, Mohsen"]
[Black "Gong, Thon Gong"]
[Result "1/2-1/2"]
[WhiteElo "2255"]
[BlackElo "2192"]
[PlyCount "105"]
[EventDate "2023.02.26"]
[EventType "swiss"]
[EventRounds "9"]
[EventCountry "SUD"]
[SourceTitle "CBM 213 Extra"]
[Source "ChessBase"]
[SourceDate "2023.05.31"]
[SourceVersion "1"]
[SourceVersionDate "2023.05.31"]
[SourceQuality "1"]

1. Nf3 d5 2. d4 c5 3. e3 Nc6 4. a3 cxd4 5. exd4 Bg4 6. Be2 Nf6 7. 0-0 e6 8. h3 Bh5 9. Be3 Bd6 10. Nbd2 0-0 11. b3 Qe7 12. a4 Ne4 13. Nxe4 dxe4 14. Nd2 Bxe2 15. Qxe2 f5 16. f4 Bb4 17. Nb1 Rfd8 18. c3 Ba5 19. b4 Bc7 20. Nd2 Rac8 21. a5 a6 22. Nb3 Bd6 23. Nc5 Bxc5 24. bxc5 Rd5 25. Rfb1 h6 26. g3 Rc7 27. Kh2 Kh7 28. Rb6 Rdd7 29. Qa2 g5 30. Qe2 Qf6 31. fxg5 hxg5 32. Qh5+ Qh6 33. Qxh6+ Kxh6 34. h4 Kg7 35. Bxg5 e5 36. Rf1 exd4 37. cxd4 Rd5 38. g4 fxg4 39. Rf4 e3 40. Rxg4 e2 41. Re4 Nxd4 42. Bf6+ Kf7 43. Bxd4 Rxd4 44. Rxe2 Rxh4+ 45. Kg3 Ra4 46. c6 Rxc6 47. Rxb7+ Kf6 48. Rb3 Rxa5 49. Re4 Rf5 50. Rb8 Re6 51. Rf8+ Ke7 52. Re8+ Kxe8 53. Rxe6+ 1/2-1/2

[Event "Arab-ch"]
[Site "Khartoum"]
[Date "2023.02.28"]
[Round "4"]
[White "Gong, Thon Gong"]
[Black "Ahmad, Al Khatib"]
[Result "0-1"]
[WhiteElo "2192"]
[BlackElo "2303"]
[PlyCount "72"]
[EventDate "2023.02.26"]
[EventType "swiss"]
[EventRounds "9"]
[EventCountry "SUD"]
[SourceTitle "CBM 213 Extra"]
[Source "ChessBase"]
[SourceDate "2023.05.31"]
[SourceVersion "1"]
[SourceVersionDate "2023.05.31"]
[SourceQuality "1"]

1. e4 c5 2. Nf3 Nc6 3. d4 cxd4 4. Nxd4 Nf6 5. Nc3 e5 6. Ndb5 d6 7. Bg5 a6 8. Bxf6 gxf6 9. Na3 b5 10. Nd5 Bg7 11. Bd3 Ne7 12. Ne3 f5 13. c4 f4 14. Nec2 0-0 15. cxb5 f5 16. Nb4 Kh8 17. Nc6 Nxc6 18. bxc6 d5 19. exd5 Qxd5 20. 0-0 Qxc6 21. Rc1 Qg6 22. Nc4 Bb7 23. f3 e4 24. Be2 Rad8 25. Qb3 Rg8 26. Kh1 Bd4 27. Rg1 Qg7 28. Rcd1 Bxg1 29. Rxg1 Rd3 30. Bxd3 exf3 31. g3 fxg3 32. Ne3 g2+ 33. Rxg2 fxg2+ 34. Kg1 f4 35. Nf5 Qe5 36. Qb4 f3 0-1

[Event "Olympiad-44"]
[Site "Chennai"]
[Date "2022.08.05"]
[Round "7.3"]
[White "Gong, Thon Gong"]
[Black "Gengler, Pierre"]
[Result "0-1"]
[WhiteElo "2176"]
[BlackElo "2194"]
[PlyCount "76"]
[EventDate "2022.07.29"]
[EventType "team-swiss"]
[EventRounds "11"]
[EventCountry "IND"]
[SourceTitle "CBM 210"]
[Source "ChessBase"]
[SourceDate "2022.10.31"]
[SourceVersion "1"]
[SourceVersionDate "2022.10.31"]
[SourceQuality "1"]
[WhiteTeam "South Sudan"]
[BlackTeam "Luxembourg"]
[WhiteTeamCountry "SUD"]
[BlackTeamCountry "LUX"]

1. e4 c5 2. Nf3 e6 3. d4 cxd4 4. Nxd4 Nc6 5. Nb5 d6 6. Bf4 e5 7. Be3 a6 8. N5a3 b5 9. c4 b4 10. Nc2 Nf6 11. Nd2 Be7 12. Be2 0-0 13. 0-0 Be6 14. f3 Nd7 15. Qe1 f5 16. Rd1 f4 17. Bf2 a5 18. Kh1 a4 19. g3 fxg3 20. Bxg3 Nc5 21. Bf2 b3 22. axb3 axb3 23. Na3 Na4 24. Nb5 Na5 25. Rb1 Bg5 26. Rg1 Bf4 27. Qd1 Qf6 28. Bg3 Be3 29. Rg2 Bh3 30. Nxb3 Bxg2+ 31. Kxg2 Nxb3 32. Qxb3 Bc5 33. Qc2 h5 34. h4 g5 35. Nc7 gxh4 36. Nxa8 Qg5 37. Bd3 Qxg3+ 38. Kh1 Bf2 0-1

[Event "Olympiad-44"]
[Site "Chennai"]
[Date "2022.07.30"]
[Round "2.3"]
[White "Gong, Thon Gong"]
[Black "Gontcharov, Serguei"]
[Result "1-0"]
[WhiteElo "2176"]
[BlackElo "1864"]
[PlyCount "45"]
[EventDate "2022.07.29"]
[EventType "team-swiss"]
[EventRounds "11"]
[EventCountry "IND"]
[SourceTitle "CBM 210"]
[Source "ChessBase"]
[SourceDate "2022.10.31"]
[SourceVersion "1"]
[SourceVersionDate "2022.10.31"]
[SourceQuality "1"]
[WhiteTeam "South Sudan"]
[BlackTeam "Bermuda"]
[WhiteTeamCountry "SUD"]
[BlackTeamCountry "BER"]

1. d4 Nf6 2. Nf3 d5 3. g3 c5 4. Bg2 Nc6 5. 0-0 e6 6. a3 h6 7. dxc5 Bxc5 8. b4 Bd6 9. Nbd2 0-0 10. Bb2 Re8 11. c4 Be7 12. Qc2 Bd7 13. Rfd1 Rc8 14. Rac1 a5 15. b5 Nb8 16. Qb3 Qb6 17. Ne5 dxc4 18. Nxd7 Nbxd7 19. Nxc4 Rxc4 20. Qxc4 Bc5 21. e3 h5 22. Bxf6 gxf6 23. Rxd7 1-0

[Event "Olympiad-44"]
[Site "Chennai"]
[Date "2022.07.29"]
[Round "1.3"]
[White "Karthikeyan, Murali"]
[Black "Gong, Thon Gong"]
[Result "1-0"]
[WhiteElo "2613"]
[BlackElo "2176"]
[PlyCount "77"]
[EventDate "2022.07.29"]
[EventType "team-swiss"]
[EventRounds "11"]
[EventCountry "IND"]
[SourceTitle "CBM 210"]
[Source "ChessBase"]
[SourceDate "2022.10.31"]
[SourceVersion "1"]
[SourceVersionDate "2022.10.31"]
[SourceQuality "1"]
[WhiteTeam "India III"]
[BlackTeam "South Sudan"]
[WhiteTeamCountry "IND"]
[BlackTeamCountry "SUD"]

1. e4 c5 2. Nf3 d6 3. Bb5+ Bd7 4. Bxd7+ Qxd7 5. c4 Nf6 6. Nc3 Nc6 7. d4 cxd4 8. Nxd4 g6 9. f3 Bg7 10. Be3 0-0 11. 0-0 Nxd4 12. Bxd4 Qc6 13. b3 Nd7 14. Bxg7 Kxg7 15. Kh1 a6 16. Rc1 Nf6 17. Qe2 Rac8 18. Rfe1 Qc5 19. f4 Qa5 20. e5 dxe5 21. fxe5 Ne8 22. Qb2 Nc7 23. e6 f6 24. Rcd1 Rcd8 25. Rd7 Rfe8 26. b4 Qb6 27. h3 Qc6 28. b5 Qxc4 29. Ne4 Kg8 30. bxa6 bxa6 31. Qb7 Nd5 32. Nd6 Qc3 33. Rd1 Ne3 34. Rxd8 Rxd8 35. Qxe7 Rf8 36. Rg1 Qc6 37. Nf7 Nf5 38. Qxf6 Qxe6 39. Nh6+ 1-0

[Event "Juba olympiad qual"]
[Site "Juba"]
[Date "2022.05.17"]
[Round "11"]
[White "Ajak, Mach Duany"]
[Black "Gong, Thon Gong"]
[Result "1/2-1/2"]
[WhiteElo "1888"]
[BlackElo "2159"]
[PlyCount "83"]
[EventDate "2022.05.10"]
[EventType "tourn"]
[EventRounds "11"]
[EventCountry "SUD"]
[SourceTitle "CBM 208 Extra"]
[Source "ChessBase"]
[SourceDate "2022.07.31"]
[SourceVersion "1"]
[SourceVersionDate "2022.07.31"]
[SourceQuality "1"]

1. d4 d5 2. Bf4 c5 3. e3 Nc6 4. Nf3 Nf6 5. c3 c4 6. Nbd2 Bf5 7. Ne5 e6 8. g4 Bg6 9. h4 Nxe5 10. dxe5 Nd7 11. h5 Bd3 12. Bxd3 cxd3 13. Nb3 Qc7 14. Qxd3 a6 15. Qd4 b6 16. g5 Bc5 17. Nxc5 bxc5 18. Qa4 0-0 19. g6 h6 20. gxf7+ Rxf7 21. Rg1 Nxe5 22. 0-0-0 c4 23. Kb1 Rxf4 24. exf4 Nd3 25. Rxd3 cxd3 26. Qd4 Rf8 27. Rg4 Rf7 28. Kc1 Qc4 29. b3 Qxd4 30. cxd4 Rc7+ 31. Kd2 Rc2+ 32. Kxd3 Rxa2 33. Rg2 a5 34. Kc3 a4 35. bxa4 Rxa4 36. Kd3 Kf7 37. Ke3 Kf6 38. Rg3 Ra3+ 39. Ke2 Ra4 40. Ke3 Ra3+ 41. Ke2 Ra4 42. Ke3 1/2-1/2

[Event "Juba olympiad qual"]
[Site "Juba"]
[Date "2022.05.16"]
[Round "10"]
[White "Gong, Thon Gong"]
[Black "Wech, Adol Chol"]
[Result "0-1"]
[WhiteElo "2159"]
[BlackElo "1892"]
[PlyCount "108"]
[EventDate "2022.05.10"]
[EventType "tourn"]
[EventRounds "11"]
[EventCountry "SUD"]
[SourceTitle "CBM 208 Extra"]
[Source "ChessBase"]
[SourceDate "2022.07.31"]
[SourceVersion "1"]
[SourceVersionDate "2022.07.31"]
[SourceQuality "1"]

1. c4 c5 2. Nf3 b6 3. g3 Bb7 4. Bg2 e5 5. d3 Be7 6. 0-0 d6 7. Nc3 Nf6 8. a3 Nc6 9. Bg5 0-0 10. e3 Qd7 11. Rb1 Ne8 12. Bxe7 Nxe7 13. b4 Ng6 14. Nd5 Nc7 15. e4 Ne6 16. Ne1 Nd4 17. Nc2 Ne6 18. f4 exf4 19. Nxf4 Nexf4 20. gxf4 Nh4 21. f5 Nxg2 22. Kxg2 Rfe8 23. b5 Qe7 24. Qg4 Qf6 25. h4 Kh8 26. Rb3 Re5 27. Kh2 Rae8 28. Qg5 d5 29. Qxf6 gxf6 30. cxd5 Bxd5 31. Rc3 Bb7 32. Ne3 h5 33. a4 Rg8 34. Rg1 Rd8 35. Ng2 Kh7 36. Nf4 Kh6 37. Rg3 Ree8 38. a5 Rd4 39. Rc2 c4 40. Rxc4 Rxc4 41. dxc4 Rxe4 42. Nd5 Bxd5 43. cxd5 Rxh4+ 44. Kg2 Rd4 45. axb6 axb6 46. Rc3 Rxd5 47. Rc6 Rxb5 48. Rxf6+ Kg7 49. Rc6 Rb3 50. Rd6 b5 51. Rb6 b4 52. Kh2 Rb1 53. Rb5 Kf6 54. Kg2 b3 0-1

[Event "Juba olympiad qual"]
[Site "Juba"]
[Date "2022.05.10"]
[Round "1"]
[White "Gong, Thon Gong"]
[Black "Madol, Garang Panthoum"]
[Result "1-0"]
[WhiteElo "2159"]
[BlackElo "1851"]
[PlyCount "73"]
[EventDate "2022.05.10"]
[EventType "tourn"]
[EventRounds "11"]
[EventCountry "SUD"]
[SourceTitle "CBM 208 Extra"]
[Source "ChessBase"]
[SourceDate "2022.07.31"]
[SourceVersion "1"]
[SourceVersionDate "2022.07.31"]
[SourceQuality "1"]

1. e4 c5 2. Nf3 Nc6 3. d4 cxd4 4. Nxd4 Nf6 5. Nc3 d6 6. Bc4 g6 7. Nxc6 bxc6 8. e5 Ng4 9. e6 f5 10. h4 Bg7 11. Bb3 Qb6 12. Qf3 Bd4 13. Nd1 a5 14. Ba4 Bb7 15. c3 Bg7 16. h5 Qc5 17. Be3 Qc4 18. Bb3 Qd3 19. Ba4 Qc4 20. Bb3 Qd3 21. a4 Ne5 22. Qe2 c5 23. Qxd3 Nxd3+ 24. Kd2 Ne5 25. f3 c4 26. Ba2 Bd5 27. Bd4 f4 28. Bb1 g5 29. h6 Bf6 30. Bf5 0-0 31. Nf2 Bh8 32. Be4 Bxe4 33. Nxe4 Rab8 34. Rab1 g4 35. Rh5 gxf3 36. Rg5+ Ng6 37. Rxg6+ 1-0